000
002330000a22001210004500
041
0
_a
EspaƱol
082
0
4
_a
DVD 024
110
1
_a
Walt Disney
245
1
0
_a
Bernardo y Bianca
505
0
0
_a
Video 77 min.
001
1171
942
_c
LGB
999
_c
48345
_d
48345